A korona

Bibliographic Details
Main Author: Farkas, Árpád, 1944- (Author)
Format: Article
Language:Hungarian
Subjects:

MARC

LEADER 00000nab a2200000 a 4500
001 vtls000484814
003 SK-MaSNL
005 20260303201852.0
008 240102c1992 xo 0 hun
015 |a SNBRB19rr/mm-uuuuu 
035 |a CL0484950 
040 |a SNKBUCL  |b slo  |c SNKBUCL  |e AACR2 
041 0 |a hun 
044 |a xo  |c SK 
080 |a 894.511 (498)-1=945.11  |2 1981 
100 1 |a Farkas, Árpád,  |d 1944-  |4 aut  |9 10813 
245 1 0 |a A korona  |c Árpád Farkas 
650 0 7 |a básne lyrické  |2 snkbucl  |9 403933 
655 7 |a články z novín a časopisov  |2 snkbucl  |9 267496 
655 7 |a články z odboru literárna veda a krásna literatúra  |2 snkbucl  |9 770045 
773 0 |t Keleti napló  |g Roč. 3, č. 7 (1992), s. 7 
850 |a Slovenská národná knižnica v Martine  |a MTA001 
852 |a SNK  |b KIS3GCP 
958 |a RK 
958 |a HU 
958 |a LX 
958 |a RO 
992 |a RBX 
999 |c 2176751  |d 2178681